[Event "Team Championship (men blitz)"]
[Site "Sochi"]
[Date "2017.10.05"]
[Round "6.20"]
[White "Linker, Mikhail"]
[Black "Bocharov, Dmitry"]
[Result "0-1"]
[LiveChessVersion "1.4.8"]
[BlackElo "2653"]
[WhiteElo "2268"]

1. e4 {[%clk 0:03:01]} c5 {[%clk 0:03:02]} 2. a3 {[%clk 0:03:03]} Nc6
{[%clk 0:03:01]} 3. b4 {[%clk 0:03:04]} e5 {[%clk 0:03:01]} 4. b5
{[%clk 0:03:04]} Nd4 {[%clk 0:03:02]} 5. Nc3 {[%clk 0:03:02]} Nf6
{[%clk 0:02:59]} 6. g3 {[%clk 0:02:34]} d5 {[%clk 0:02:51]} 7. exd5
{[%clk 0:02:07]} Bf5 {[%clk 0:02:51]} 8. d3 {[%clk 0:02:02]} Nxd5
{[%clk 0:02:51]} 9. Ne4 {[%clk 0:01:15]} c4 {[%clk 0:02:49]} 10. Bg2
{[%clk 0:01:11]} cxd3 {[%clk 0:02:48]} 11. cxd3 {[%clk 0:01:06]} Rc8
{[%clk 0:02:48]} 12. Bd2 {[%clk 0:00:36]} Nc2+ {[%clk 0:02:25]} 13. Kf1
{[%clk 0:00:38]} Nxa1 {[%clk 0:02:25]} 14. Qxa1 {[%clk 0:00:39]} f6
{[%clk 0:02:01]} 15. Nf3 {[%clk 0:00:39]} Be7 {[%clk 0:01:59]} 16. h4
{[%clk 0:00:27]} O-O 17. Kg1 Kh8 {[%clk 0:01:41]} 18. Kh2 {[%clk 0:00:30]} Nc7
{[%clk 0:01:42]} 19. Qb1 {[%clk 0:00:14]} Qd7 {[%clk 0:01:34]} 20. Rd1
{[%clk 0:00:14]} Nxb5 {[%clk 0:01:29]} 21. Be3 {[%clk 0:00:12]} Nxa3
{[%clk 0:01:25]} 22. Qb3 {[%clk 0:00:07]} Be6 {[%clk 0:01:22]} 23. Qb2
{[%clk 0:00:07]} Rc2 {[%clk 0:01:22]} 24. Qa1 {[%clk 0:00:09]} Ra2
{[%clk 0:01:17]} 25. Qc1 {[%clk 0:00:09]} Rc8 {[%clk 0:01:17]} 26. Bc5
{[%clk 0:00:07]} b6 {[%clk 0:01:15]} 0-1

[Event "Team Championship (men blitz)"]
[Site "Sochi"]
[Date "2017.10.05"]
[Round "6.21"]
[White "Kezin, Roman"]
[Black "Tsvetkov, Andrey"]
[Result "1-0"]
[LiveChessVersion "1.4.8"]
[BlackElo "2120"]
[WhiteElo "2514"]

1. d4 {[%clk 0:03:03]} d5 {[%clk 0:03:04]} 2. c4 {[%clk 0:03:04]} c6
{[%clk 0:03:05]} 3. Nc3 {[%clk 0:03:05]} Nf6 {[%clk 0:03:07]} 4. e3
{[%clk 0:03:07]} e6 {[%clk 0:03:05]} 5. Nf3 {[%clk 0:03:08]} Nbd7
{[%clk 0:03:06]} 6. Bd3 {[%clk 0:03:09]} dxc4 {[%clk 0:03:08]} 7. Bxc4
{[%clk 0:03:09]} b5 {[%clk 0:03:09]} 8. Be2 {[%clk 0:03:10]} a6 {[%clk 0:03:10]}
9. e4 {[%clk 0:03:08]} c5 {[%clk 0:03:06]} 10. e5 {[%clk 0:03:07]} cxd4
{[%clk 0:03:04]} 11. Qxd4 {[%clk 0:03:04]} Bc5 {[%clk 0:02:47]} 12. Qd3
{[%clk 0:03:02]} Ng4 {[%clk 0:02:40]} 13. O-O {[%clk 0:02:37]} Bb7
{[%clk 0:02:34]} 14. Bf4 {[%clk 0:02:06]} Qb6 {[%clk 0:02:22]} 15. Ne4
{[%clk 0:02:05]} O-O {[%clk 0:01:49]} 16. Nfg5 {[%clk 0:01:28]} Bxe4
{[%clk 0:00:27]} 17. Qxe4 f5 18. exf6 {[%clk 0:01:25]} Ndxf6 {[%clk 0:00:23]} 19.
Qxe6+ {[%clk 0:01:23]} Qxe6 {[%clk 0:00:08]} 20. Nxe6 {[%clk 0:01:23]} Rfc8
{[%clk 0:00:09]} 21. h3 {[%clk 0:01:13]} Nh6 {[%clk 0:00:05]} 22. Bf3
{[%clk 0:01:14]} Ra7 23. Rac1 {[%clk 0:01:14]} Nd7 {[%clk 0:00:04]} 24. b4
{[%clk 0:01:10]} 1-0

[Event "Team Championship (men blitz)"]
[Site "Sochi"]
[Date "2017.10.05"]
[Round "6.22"]
[White "Murtazin, Ruslan"]
[Black "Antonenko, Vladimir"]
[Result "0-1"]
[LiveChessVersion "1.4.8"]
[BlackElo "2423"]
[WhiteElo "2200"]

1. e4 {[%clk 0:03:03]} d6 {[%clk 0:03:01]} 2. d4 {[%clk 0:03:04]} Nf6
{[%clk 0:03:03]} 3. Nc3 {[%clk 0:03:04]} g6 {[%clk 0:03:05]} 4. f3
{[%clk 0:03:01]} c6 {[%clk 0:03:04]} 5. Be3 {[%clk 0:03:01]} Qb6 {[%clk 0:03:05]}
6. Na4 {[%clk 0:02:46]} Qa5+ {[%clk 0:03:02]} 7. Nc3 {[%clk 0:02:43]} Qb6
{[%clk 0:02:51]} 8. Na4 {[%clk 0:02:42]} Qb4+ {[%clk 0:02:42]} 9. c3
{[%clk 0:02:39]} Qa5 {[%clk 0:02:43]} 10. b4 {[%clk 0:02:26]} Qc7
{[%clk 0:02:44]} 11. c4 {[%clk 0:02:04]} Nbd7 {[%clk 0:02:35]} 12. Qd2
{[%clk 0:01:53]} h5 {[%clk 0:02:32]} 13. Bd3 {[%clk 0:01:36]} Bg7
{[%clk 0:02:33]} 14. Ne2 {[%clk 0:01:38]} Nb6 {[%clk 0:02:16]} 15. Nxb6
{[%clk 0:01:14]} axb6 {[%clk 0:02:15]} 16. a4 {[%clk 0:01:04]} h4
{[%clk 0:02:09]} 17. O-O {[%clk 0:00:17]} Bd7 {[%clk 0:01:52]} 18. a5
{[%clk 0:00:15]} bxa5 {[%clk 0:01:52]} 19. Rxa5 {[%clk 0:00:06]} Rxa5
{[%clk 0:01:41]} 20. bxa5 {[%clk 0:00:07]} Rh5 {[%clk 0:01:42]} 21. Ra1
{[%clk 0:00:08]} Bc8 {[%clk 0:01:42]} 22. Nf4 {[%clk 0:00:05]} Rh8
{[%clk 0:01:39]} 23. Qb4 {[%clk 0:00:04]} Nd7 {[%clk 0:01:24]} 24. Ne2
{[%clk 0:00:04]} Rh5 {[%clk 0:01:06]} 25. Nf4 {[%clk 0:00:04]} Rh8
{[%clk 0:01:02]} 26. Ne2 {[%clk 0:00:06]} c5 {[%clk 0:00:54]} 27. Qb5
{[%clk 0:00:06]} Kf8 {[%clk 0:00:44]} 28. Ra2 {[%clk 0:00:06]} Bf6
{[%clk 0:00:38]} 29. Nf4 {[%clk 0:00:05]} e6 {[%clk 0:00:39]} 30. dxc5
{[%clk 0:00:04]} Nxc5 {[%clk 0:00:38]} 31. Bf1 {[%clk 0:00:04]} Kg7
{[%clk 0:00:37]} 32. Nd3 {[%clk 0:00:04]} Nd7 {[%clk 0:00:32]} 33. Bb6
{[%clk 0:00:04]} Nxb6 {[%clk 0:00:32]} 34. axb6 {[%clk 0:00:05]} Bd4+
{[%clk 0:00:32]} 35. Kh1 {[%clk 0:00:05]} Qxb6 {[%clk 0:00:33]} 36. Ra8
{[%clk 0:00:05]} Qxb5 {[%clk 0:00:31]} 37. cxb5 {[%clk 0:00:06]} Bd7
{[%clk 0:00:31]} 38. Rxh8 {[%clk 0:00:05]} Kxh8 {[%clk 0:00:32]} 39. Nb4
{[%clk 0:00:04]} Bc3 {[%clk 0:00:30]} 40. Nc2 {[%clk 0:00:04]} g5
{[%clk 0:00:28]} 41. Ne3 {[%clk 0:00:04]} Kg7 {[%clk 0:00:27]} 42. g3
{[%clk 0:00:04]} hxg3 {[%clk 0:00:26]} 43. hxg3 {[%clk 0:00:06]} Kf6
{[%clk 0:00:24]} 44. f4 {[%clk 0:00:06]} gxf4 {[%clk 0:00:24]} 45. gxf4
{[%clk 0:00:07]} Bd2 {[%clk 0:00:25]} 46. Ng2 {[%clk 0:00:07]} e5
{[%clk 0:00:20]} 47. f5 {[%clk 0:00:04]} d5 {[%clk 0:00:20]} 48. exd5
{[%clk 0:00:04]} Kxf5 {[%clk 0:00:20]} 49. Kg1 {[%clk 0:00:04]} Ke4
{[%clk 0:00:19]} 50. d6 {[%clk 0:00:05]} Kd5 {[%clk 0:00:19]} 51. Kf2
{[%clk 0:00:05]} Kxd6 {[%clk 0:00:19]} 52. Ke2 {[%clk 0:00:06]} Bg5
{[%clk 0:00:20]} 53. Ne3 {[%clk 0:00:07]} Bxb5+ {[%clk 0:00:20]} 0-1

[Event "Team Championship (men blitz)"]
[Site "Sochi"]
[Date "2017.10.05"]
[Round "6.23"]
[White "Gubsky, Egor"]
[Black "Perov, German"]
[Result "1-0"]
[LiveChessVersion "1.4.8"]
[BlackElo "2152"]
[WhiteElo "2369"]

1. d4 {[%clk 0:03:03]} d5 {[%clk 0:03:04]} 2. c4 {[%clk 0:03:04]} e5
{[%clk 0:03:05]} 3. dxe5 {[%clk 0:03:05]} d4 {[%clk 0:03:06]} 4. Nf3
{[%clk 0:03:05]} Nc6 {[%clk 0:03:08]} 5. Nbd2 {[%clk 0:03:06]} Be6
{[%clk 0:03:06]} 6. Nb3 {[%clk 0:03:03]} Bxc4 {[%clk 0:03:01]} 7. Nbxd4
{[%clk 0:03:02]} Nxd4 {[%clk 0:02:31]} 8. Qxd4 {[%clk 0:03:02]} Qxd4
{[%clk 0:02:31]} 9. Nxd4 {[%clk 0:03:03]} O-O-O {[%clk 0:02:31]} 10. e3
{[%clk 0:02:36]} Bb4+ {[%clk 0:02:31]} 11. Bd2 {[%clk 0:02:37]} Bxd2+
{[%clk 0:02:13]} 12. Kxd2 {[%clk 0:02:38]} Bxf1 {[%clk 0:02:05]} 13. Rhxf1
{[%clk 0:02:39]} Ne7 {[%clk 0:01:35]} 14. Ke2 {[%clk 0:02:35]} Ng6
{[%clk 0:01:16]} 15. f4 {[%clk 0:02:36]} Rhe8 {[%clk 0:01:16]} 16. Nf5
{[%clk 0:02:35]} Rg8 {[%clk 0:01:02]} 17. h4 {[%clk 0:02:36]} Kd7
{[%clk 0:00:40]} 18. h5 Ne7 19. Rad1+ {[%clk 0:02:35]} Ke8 {[%clk 0:00:36]} 20.
Rxd8+ {[%clk 0:02:24]} Kxd8 {[%clk 0:00:37]} 21. Rd1+ {[%clk 0:02:24]} Ke8
{[%clk 0:00:38]} 22. g4 {[%clk 0:02:10]} Nxf5 {[%clk 0:00:29]} 23. gxf5
{[%clk 0:02:10]} Ke7 {[%clk 0:00:26]} 24. Rg1 {[%clk 0:02:09]} g6
{[%clk 0:00:15]} 25. hxg6 {[%clk 0:02:07]} hxg6 {[%clk 0:00:14]} 26. e6
{[%clk 0:01:54]} fxe6 {[%clk 0:00:04]} 27. fxe6 {[%clk 0:01:33]} Kxe6
{[%clk 0:00:04]} 28. e4 {[%clk 0:01:34]} Kf7 {[%clk 0:00:03]} 29. Rd1
{[%clk 0:01:31]} Ke7 {[%clk 0:00:03]} 30. Kf3 {[%clk 0:01:32]} Rh8
{[%clk 0:00:05]} 31. Rd2 {[%clk 0:01:32]} Rh4 {[%clk 0:00:05]} 32. Kg3
{[%clk 0:01:34]} Rh5 {[%clk 0:00:06]} 33. Kg4 {[%clk 0:01:35]} Ra5
{[%clk 0:00:07]} 34. a3 {[%clk 0:01:36]} Ra4 {[%clk 0:00:07]} 35. e5
{[%clk 0:01:36]} Ke6 {[%clk 0:00:08]} 36. Kg5 {[%clk 0:01:37]} Re4
{[%clk 0:00:08]} 37. Rf2 {[%clk 0:01:38]} Kf7 {[%clk 0:00:05]} 38. Rd2
{[%clk 0:01:34]} Ke6 {[%clk 0:00:06]} 39. Rf2 {[%clk 0:01:33]} Kf7
{[%clk 0:00:07]} 40. Rh2 {[%clk 0:01:34]} Ke6 {[%clk 0:00:04]} 41. Rh6
{[%clk 0:01:30]} Re2 {[%clk 0:00:04]} 42. Rxg6+ {[%clk 0:01:31]} Ke7
{[%clk 0:00:06]} 43. Rg7+ {[%clk 0:01:31]} Ke6 {[%clk 0:00:07]} 44. Rxc7
{[%clk 0:01:31]} Rg2+ {[%clk 0:00:09]} 45. Kh4 {[%clk 0:01:31]} Rxb2
{[%clk 0:00:09]} 46. Kg4 {[%clk 0:01:23]} Rg2+ {[%clk 0:00:08]} 47. Kf3
{[%clk 0:01:23]} Rb2 {[%clk 0:00:07]} 48. Rh7 {[%clk 0:01:17]} a5
{[%clk 0:00:06]} 49. a4 {[%clk 0:01:11]} Rb3+ {[%clk 0:00:05]} 50. Kg4
{[%clk 0:01:11]} Rb1 {[%clk 0:00:05]} 51. Rh6+ {[%clk 0:01:10]} Ke7
{[%clk 0:00:06]} 52. Kf5 {[%clk 0:01:10]} Rb4 {[%clk 0:00:07]} 53. Rh7+
{[%clk 0:01:10]} Kd8 {[%clk 0:00:08]} 54. e6 {[%clk 0:01:11]} Rxa4 55. Rxb7 Ra1
{[%clk 0:00:05]} 56. Kf6 {[%clk 0:01:08]} Ra4 1-0

[Event "Team Championship (men blitz)"]
[Site "Sochi"]
[Date "2017.10.05"]
[Round "6.24"]
[White "Bondareva, Daria"]
[Black "Bublei, Pavel"]
[Result "0-1"]
[LiveChessVersion "1.4.8"]
[BlackElo "2243"]
[WhiteElo "1663"]

1. e4 {[%clk 0:03:04]} c6 {[%clk 0:03:02]} 2. d4 {[%clk 0:03:05]} d5
{[%clk 0:03:03]} 3. exd5 {[%clk 0:03:06]} cxd5 {[%clk 0:03:04]} 4. c4
{[%clk 0:03:08]} Nf6 {[%clk 0:03:04]} 5. Nc3 {[%clk 0:03:09]} Nc6
{[%clk 0:03:05]} 6. Bg5 {[%clk 0:03:06]} dxc4 {[%clk 0:03:04]} 7. d5
{[%clk 0:03:08]} Na5 {[%clk 0:03:05]} 8. Qd4 {[%clk 0:02:29]} e5 {[%clk 0:02:59]}
9. Qxe5+ {[%clk 0:02:01]} Qe7 {[%clk 0:02:51]} 10. Qxe7+ {[%clk 0:02:02]} Bxe7
{[%clk 0:02:51]} 11. O-O-O {[%clk 0:01:50]} Bg4 {[%clk 0:02:29]} 12. f3
{[%clk 0:01:15]} Bf5 {[%clk 0:02:30]} 13. Bxf6 {[%clk 0:00:28]} Bxf6
{[%clk 0:02:30]} 14. d6 {[%clk 0:00:21]} Bg5+ {[%clk 0:02:28]} 15. Rd2
{[%clk 0:00:19]} Bxd2+ {[%clk 0:02:23]} 16. Kxd2 {[%clk 0:00:20]} O-O-O
{[%clk 0:02:20]} 17. g4 Rxd6+ {[%clk 0:02:19]} 18. Kc1 {[%clk 0:00:18]} Bg6
{[%clk 0:02:14]} 19. h4 {[%clk 0:00:18]} h5 {[%clk 0:02:15]} 20. Bh3 Kb8
{[%clk 0:02:08]} 21. g5 {[%clk 0:00:13]} Rhd8 {[%clk 0:02:06]} 22. Nge2
{[%clk 0:00:14]} Rd2 {[%clk 0:02:04]} 23. f4 {[%clk 0:00:03]} Rc2+
{[%clk 0:02:03]} 24. Kb1 {[%clk 0:00:05]} Bd3 {[%clk 0:01:51]} 25. Ka1
{[%clk 0:00:04]} Bxe2 {[%clk 0:01:50]} 26. Nxe2 {[%clk 0:00:05]} Rxe2
{[%clk 0:01:49]} 27. f5 {[%clk 0:00:06]} Red2 {[%clk 0:01:47]} 28. a3
{[%clk 0:00:05]} Rd1+ {[%clk 0:01:46]} 29. Rxd1 {[%clk 0:00:06]} Rxd1+
{[%clk 0:01:46]} 30. Ka2 {[%clk 0:00:07]} Nb3 {[%clk 0:01:47]} 0-1

[Event "Team Championship (men blitz)"]
[Site "Sochi"]
[Date "2017.10.05"]
[Round "6.25"]
[White "Sarana, Alexey"]
[Black "Goryachkina, Aleksandra"]
[Result "0-1"]
[LiveChessVersion "1.4.8"]
[BlackElo "2401"]
[WhiteElo "2574"]

1. d4 {[%clk 0:03:03]} d5 {[%clk 0:03:03]} 2. Nf3 {[%clk 0:03:02]} Nf6
{[%clk 0:03:04]} 3. Bf4 {[%clk 0:03:03]} c5 {[%clk 0:03:05]} 4. e3
{[%clk 0:03:04]} e6 {[%clk 0:03:06]} 5. Nbd2 {[%clk 0:03:04]} Nc6
{[%clk 0:03:07]} 6. c3 {[%clk 0:03:05]} Bd6 {[%clk 0:03:08]} 7. Bg3
{[%clk 0:03:06]} O-O {[%clk 0:03:09]} 8. Bb5 {[%clk 0:03:07]} Be7
{[%clk 0:03:10]} 9. O-O {[%clk 0:03:06]} Qb6 {[%clk 0:03:11]} 10. Qa4
{[%clk 0:02:35]} a6 {[%clk 0:03:09]} 11. Bxc6 {[%clk 0:02:35]} bxc6
{[%clk 0:03:07]} 12. Rab1 {[%clk 0:02:30]} a5 {[%clk 0:03:07]} 13. Ne5
{[%clk 0:02:27]} Bb7 {[%clk 0:03:06]} 14. Rfc1 {[%clk 0:02:26]} Qb5
{[%clk 0:02:55]} 15. Qc2 {[%clk 0:02:20]} c4 {[%clk 0:02:44]} 16. b3
{[%clk 0:02:16]} cxb3 {[%clk 0:02:41]} 17. Rxb3 {[%clk 0:02:16]} Qa6
{[%clk 0:02:39]} 18. Rcb1 {[%clk 0:02:17]} Bc8 {[%clk 0:02:06]} 19. Rb6
{[%clk 0:02:17]} Qe2 {[%clk 0:01:54]} 20. Nxc6 {[%clk 0:02:10]} Re8
{[%clk 0:01:53]} 21. Nxe7+ {[%clk 0:01:43]} Rxe7 {[%clk 0:01:54]} 22. Rb8
{[%clk 0:01:39]} Rxb8 {[%clk 0:01:54]} 23. Rxb8 {[%clk 0:01:40]} Re8
{[%clk 0:01:54]} 24. Qc1 {[%clk 0:01:23]} Ba6 {[%clk 0:01:49]} 25. Rb6
{[%clk 0:01:21]} Ne4 {[%clk 0:01:40]} 26. Nxe4 {[%clk 0:01:19]} dxe4
{[%clk 0:01:40]} 27. h4 {[%clk 0:01:17]} h6 {[%clk 0:01:36]} 28. Qa3
{[%clk 0:01:14]} Qf1+ {[%clk 0:01:19]} 29. Kh2 {[%clk 0:01:15]} Be2
{[%clk 0:01:16]} 30. Qxa5 {[%clk 0:01:14]} Bf3 {[%clk 0:01:07]} 0-1

[Event "Team Championship (men blitz)"]
[Site "Sochi"]
[Date "2017.10.05"]
[Round "6.26"]
[White "Potapov, Pavel"]
[Black "Demidov, Mikhail"]
[Result "1-0"]
[LiveChessVersion "1.4.8"]
[BlackElo "2555"]
[WhiteElo "2451"]

1. e4 {[%clk 0:03:03]} e6 {[%clk 0:03:03]} 2. Nf3 {[%clk 0:03:04]} d5
{[%clk 0:02:56]} 3. Nc3 {[%clk 0:03:04]} Nf6 {[%clk 0:02:56]} 4. e5
{[%clk 0:03:05]} Nfd7 {[%clk 0:02:57]} 5. d4 {[%clk 0:03:06]} c5 {[%clk 0:02:58]}
6. dxc5 {[%clk 0:03:06]} Nc6 {[%clk 0:02:59]} 7. Bf4 {[%clk 0:03:07]} Nxc5
{[%clk 0:02:58]} 8. Qd2 {[%clk 0:03:08]} Be7 {[%clk 0:02:59]} 9. h4
{[%clk 0:03:09]} a6 {[%clk 0:02:54]} 10. O-O-O {[%clk 0:03:06]} b5
{[%clk 0:02:54]} 11. Kb1 {[%clk 0:03:05]} Bb7 {[%clk 0:02:53]} 12. h5
{[%clk 0:03:02]} Qb6 {[%clk 0:02:45]} 13. Be3 {[%clk 0:02:16]} Qc7
{[%clk 0:02:40]} 14. Bf4 {[%clk 0:02:04]} b4 {[%clk 0:02:26]} 15. Ne2
{[%clk 0:02:00]} Ne4 {[%clk 0:02:20]} 16. Qe3 {[%clk 0:01:58]} Bc5
{[%clk 0:02:17]} 17. Nfd4 {[%clk 0:01:21]} Qb6 {[%clk 0:02:05]} 18. Ka1
{[%clk 0:01:08]} Na5 {[%clk 0:01:02]} 19. f3 {[%clk 0:00:52]} Nc4
{[%clk 0:00:59]} 20. Qg1 {[%clk 0:00:50]} Nxb2 {[%clk 0:00:41]} 21. Kxb2
{[%clk 0:00:42]} Nc3 {[%clk 0:00:42]} 22. Rd3 {[%clk 0:00:43]} Rb8
{[%clk 0:00:22]} 23. Be3 {[%clk 0:00:39]} Ba8 {[%clk 0:00:20]} 24. Nc1
{[%clk 0:00:09]} Qa5 {[%clk 0:00:17]} 25. Ndb3 {[%clk 0:00:08]} Qa3+
{[%clk 0:00:18]} 26. Ka1 {[%clk 0:00:09]} Be7 {[%clk 0:00:13]} 27. Bc5
{[%clk 0:00:09]} Rb7 {[%clk 0:00:06]} 28. Bxe7 {[%clk 0:00:10]} Rxe7
{[%clk 0:00:07]} 29. Qc5 {[%clk 0:00:11]} Rd7 {[%clk 0:00:06]} 30. Rxc3
{[%clk 0:00:11]} d4 {[%clk 0:00:04]} 31. Rd3 {[%clk 0:00:12]} Bd5
{[%clk 0:00:04]} 32. Rxd4 {[%clk 0:00:12]} Rd8 {[%clk 0:00:04]} 33. Bc4
{[%clk 0:00:11]} a5 {[%clk 0:00:05]} 34. Bb5+ {[%clk 0:00:12]} 1-0

[Event "Team Championship (men blitz)"]
[Site "Sochi"]
[Date "2017.10.05"]
[Round "6.27"]
[White "Lugovskoy, Maxim"]
[Black "Belyakov, Bogdan"]
[Result "0-1"]
[LiveChessVersion "1.4.8"]
[BlackElo "2477"]
[WhiteElo "2512"]

1. d4 {[%clk 0:03:02]} Nf6 {[%clk 0:03:03]} 2. Nc3 {[%clk 0:03:03]} g6
{[%clk 0:03:03]} 3. e4 {[%clk 0:02:59]} d6 {[%clk 0:03:04]} 4. Bg5
{[%clk 0:03:00]} Bg7 {[%clk 0:03:03]} 5. Qd2 {[%clk 0:03:01]} h6 {[%clk 0:03:02]}
6. Bh4 {[%clk 0:03:01]} Nbd7 {[%clk 0:03:02]} 7. O-O-O {[%clk 0:02:57]} c6
{[%clk 0:02:57]} 8. e5 {[%clk 0:02:51]} Ng8 {[%clk 0:02:13]} 9. exd6
{[%clk 0:02:50]} g5 {[%clk 0:02:14]} 10. Bg3 {[%clk 0:02:45]} e6 {[%clk 0:02:05]}
11. h4 {[%clk 0:02:38]} gxh4 {[%clk 0:01:59]} 12. Bxh4 {[%clk 0:02:38]} Ndf6
{[%clk 0:01:58]} 13. Ne4 {[%clk 0:02:37]} Nxe4 {[%clk 0:01:42]} 14. Qf4
{[%clk 0:02:14]} Nef6 {[%clk 0:01:42]} 15. Nf3 {[%clk 0:02:06]} Bf8
{[%clk 0:01:41]} 16. Bg3 {[%clk 0:01:54]} Qa5 {[%clk 0:01:28]} 17. Kb1
{[%clk 0:01:53]} Nd5 {[%clk 0:01:23]} 18. Qe5 {[%clk 0:01:51]} Ngf6
{[%clk 0:00:55]} 19. c4 {[%clk 0:01:49]} Bg7 {[%clk 0:00:50]} 20. cxd5
{[%clk 0:01:48]} Qxd5 {[%clk 0:00:51]} 21. Bd3 {[%clk 0:01:22]} Rg8
{[%clk 0:00:41]} 22. Qe2 {[%clk 0:01:24]} Qa5 {[%clk 0:00:41]} 23. Ne5
{[%clk 0:01:21]} Nd7 {[%clk 0:00:39]} 24. Bc4 {[%clk 0:00:57]} Nxe5
{[%clk 0:00:36]} 25. dxe5 {[%clk 0:00:50]} Bd7 {[%clk 0:00:37]} 26. Rd3
{[%clk 0:00:43]} O-O-O {[%clk 0:00:37]} 27. Ra3 {[%clk 0:00:41]} Qb6
{[%clk 0:00:35]} 28. Rb3 {[%clk 0:00:35]} Qa5 {[%clk 0:00:35]} 29. Ra3
{[%clk 0:00:20]} Qb6 {[%clk 0:00:36]} 30. f4 {[%clk 0:00:21]} c5 {[%clk 0:00:27]}
31. Bh4 {[%clk 0:00:19]} Rdf8 {[%clk 0:00:22]} 32. Rc1 {[%clk 0:00:20]} f6
{[%clk 0:00:21]} 33. Bf2 {[%clk 0:00:20]} fxe5 {[%clk 0:00:21]} 34. Bxc5
{[%clk 0:00:14]} Qxc5 {[%clk 0:00:17]} 35. Bd3 {[%clk 0:00:08]} Qxc1+
{[%clk 0:00:17]} 36. Kxc1 {[%clk 0:00:09]} Rxf4 {[%clk 0:00:16]} 37. Rxa7
{[%clk 0:00:10]} Kb8 {[%clk 0:00:14]} 38. Ra5 {[%clk 0:00:09]} Rc8+
{[%clk 0:00:14]} 39. Kd2 {[%clk 0:00:08]} Rd4 {[%clk 0:00:13]} 40. Ke1
{[%clk 0:00:06]} Bf6 {[%clk 0:00:13]} 41. Be4 {[%clk 0:00:05]} Bh4+
{[%clk 0:00:14]} 42. g3 {[%clk 0:00:05]} Bxg3+ {[%clk 0:00:15]} 43. Kf1
{[%clk 0:00:07]} Rc1+ {[%clk 0:00:15]} 44. Kg2 {[%clk 0:00:08]} Re1
{[%clk 0:00:14]} 45. Qg4 {[%clk 0:00:04]} Rd2+ {[%clk 0:00:15]} 46. Kxg3
{[%clk 0:00:05]} Rg1+ {[%clk 0:00:16]} 47. Bg2 {[%clk 0:00:06]} Rdxg2+
{[%clk 0:00:17]} 0-1

[Event "Team Championship (men blitz)"]
[Site "Sochi"]
[Date "2017.10.05"]
[Round "6.28"]
[White "Savitskiy, Sergey"]
[Black "Krylov, Mikhail"]
[Result "1/2-1/2"]
[LiveChessVersion "1.4.8"]
[BlackElo "2494"]
[WhiteElo "2327"]

1. e4 d5 2. exd5 Nf6 3. Nf3 Nxd5 4. c4 Nb4 5. d4 {[%clk 0:02:44]} Bf5
{[%clk 0:03:05]} 6. Na3 {[%clk 0:02:45]} e6 {[%clk 0:03:05]} 7. Be2
{[%clk 0:02:41]} Be7 {[%clk 0:03:06]} 8. O-O {[%clk 0:02:32]} O-O
{[%clk 0:03:06]} 9. Bf4 {[%clk 0:02:30]} c6 {[%clk 0:03:04]} 10. Qd2
{[%clk 0:02:15]} a5 {[%clk 0:02:54]} 11. c5 {[%clk 0:02:00]} Nd7 {[%clk 0:02:44]}
12. Nc4 {[%clk 0:01:59]} b6 {[%clk 0:02:21]} 13. cxb6 {[%clk 0:01:37]} Nxb6
{[%clk 0:02:21]} 14. Nce5 {[%clk 0:01:08]} f6 {[%clk 0:01:53]} 15. Nc4
{[%clk 0:00:53]} N6d5 {[%clk 0:01:45]} 16. Bg3 {[%clk 0:00:54]} c5
{[%clk 0:01:44]} 17. a3 {[%clk 0:00:25]} Nc2 {[%clk 0:01:11]} 18. Rad1
{[%clk 0:00:26]} Nxd4 {[%clk 0:01:04]} 19. Nxd4 {[%clk 0:00:27]} cxd4
{[%clk 0:01:05]} 20. Qxd4 {[%clk 0:00:28]} Bg6 {[%clk 0:00:24]} 21. Bf3
{[%clk 0:00:30]} Bf7 {[%clk 0:00:25]} 22. Rfe1 {[%clk 0:00:10]} Rc8
{[%clk 0:00:23]} 23. Bxd5 {[%clk 0:00:11]} exd5 {[%clk 0:00:24]} 24. Ne3
{[%clk 0:00:06]} Bc5 {[%clk 0:00:25]} 25. Qg4 {[%clk 0:00:07]} Bxe3
{[%clk 0:00:25]} 26. Rxe3 {[%clk 0:00:08]} Qb6 {[%clk 0:00:24]} 27. b3
{[%clk 0:00:06]} d4 {[%clk 0:00:23]} 28. Red3 {[%clk 0:00:07]} Rfd8
{[%clk 0:00:23]} 29. h4 {[%clk 0:00:07]} Bg6 {[%clk 0:00:22]} 30. Rxd4
{[%clk 0:00:07]} Rxd4 {[%clk 0:00:21]} 31. Qxd4 {[%clk 0:00:09]} Qxb3
{[%clk 0:00:22]} 32. Re1 {[%clk 0:00:09]} Qxa3 {[%clk 0:00:19]} 33. Qd5+
{[%clk 0:00:09]} Kh8 {[%clk 0:00:20]} 34. h5 {[%clk 0:00:10]} Bc2
{[%clk 0:00:14]} 35. Qe6 {[%clk 0:00:08]} Rg8 {[%clk 0:00:14]} 36. Qf7
{[%clk 0:00:07]} Bb3 {[%clk 0:00:15]} 37. Qa7 {[%clk 0:00:08]} Qb4
{[%clk 0:00:16]} 38. Re7 {[%clk 0:00:07]} h6 {[%clk 0:00:16]} 39. Rb7
{[%clk 0:00:06]} Qg4 {[%clk 0:00:17]} 40. Qxa5 {[%clk 0:00:07]} Bd5
{[%clk 0:00:16]} 41. Qxd5 {[%clk 0:00:07]} Kh7 {[%clk 0:00:16]} 42. Re7
{[%clk 0:00:07]} Kh8 {[%clk 0:00:17]} 43. Qe4 {[%clk 0:00:08]} Qxh5
{[%clk 0:00:18]} 44. Qe2 {[%clk 0:00:09]} Qd5 {[%clk 0:00:19]} 45. Re8
{[%clk 0:00:10]} Rxe8 46. Qxe8+ Kh7 47. Qe2 {[%clk 0:00:12]} Qb3 {[%clk 0:00:23]}
48. f3 {[%clk 0:00:13]} Qb6+ {[%clk 0:00:23]} 49. Bf2 {[%clk 0:00:14]} Qb1+
{[%clk 0:00:25]} 50. Kh2 {[%clk 0:00:15]} Qb8+ {[%clk 0:00:24]} 51. Bg3
{[%clk 0:00:16]} Qb6 {[%clk 0:00:24]} 52. Qe4+ {[%clk 0:00:18]} Kh8
{[%clk 0:00:25]} 53. Bf4 {[%clk 0:00:18]} Qb5 {[%clk 0:00:24]} 54. Qg6
{[%clk 0:00:17]} Qc6 {[%clk 0:00:15]} 55. Kg3 {[%clk 0:00:16]} Qe6
{[%clk 0:00:14]} 56. Qe4 {[%clk 0:00:16]} Qb6 {[%clk 0:00:14]} 57. Kg4
{[%clk 0:00:12]} Qa6 {[%clk 0:00:15]} 58. Kh5 {[%clk 0:00:07]} Qc8
{[%clk 0:00:15]} 59. Kg6 {[%clk 0:00:06]} Qg8 {[%clk 0:00:16]} 60. Kh5
{[%clk 0:00:04]} Qf7+ {[%clk 0:00:16]} 61. Kg4 {[%clk 0:00:06]} Qd7+
{[%clk 0:00:17]} 62. Kg3 {[%clk 0:00:07]} Qc8 {[%clk 0:00:18]} 63. Be3
{[%clk 0:00:08]} Qc7+ {[%clk 0:00:19]} 64. Qf4 {[%clk 0:00:10]} Qc8
{[%clk 0:00:19]} 65. Bd4 {[%clk 0:00:11]} Qc6 {[%clk 0:00:19]} 66. Kh2
{[%clk 0:00:09]} Qe6 {[%clk 0:00:19]} 67. Qe3 {[%clk 0:00:09]} Qc4
{[%clk 0:00:18]} 68. f4 {[%clk 0:00:10]} Qd5 {[%clk 0:00:19]} 69. g4
{[%clk 0:00:09]} Qa2+ {[%clk 0:00:19]} 70. Kg3 {[%clk 0:00:10]} Qb1
{[%clk 0:00:20]} 71. f5 {[%clk 0:00:08]} Qb8+ {[%clk 0:00:20]} 72. Qf4
{[%clk 0:00:09]} Qb3+ {[%clk 0:00:21]} 73. Kh4 {[%clk 0:00:10]} Qd1
{[%clk 0:00:20]} 74. Kh5 {[%clk 0:00:08]} Kh7 {[%clk 0:00:22]} 75. Qf2
{[%clk 0:00:05]} Qh1+ {[%clk 0:00:22]} 76. Qh4 {[%clk 0:00:07]} Qe4
{[%clk 0:00:22]} 77. Bxf6 {[%clk 0:00:08]} gxf6 {[%clk 0:00:23]} 78. Qxf6
{[%clk 0:00:08]} Qh1+ {[%clk 0:00:21]} 79. Qh4 {[%clk 0:00:09]} Qe4
{[%clk 0:00:22]} 80. Qh3 {[%clk 0:00:05]} Qf4 {[%clk 0:00:20]} 81. Qh4
{[%clk 0:00:06]} Qe4 {[%clk 0:00:21]} 82. Qh2 {[%clk 0:00:06]} Qe7
{[%clk 0:00:20]} 83. Qf4 {[%clk 0:00:06]} Qf6 {[%clk 0:00:19]} 84. g5
{[%clk 0:00:05]} hxg5 {[%clk 0:00:19]} 85. Qxg5 {[%clk 0:00:07]} Qxg5+
{[%clk 0:00:19]} 1/2-1/2